<?xml version="1.0" encoding="UTF-8"?>
<collection xmlns="http://www.loc.gov/MARC21/slim">
    <record>
        <controlfield tag="001">101607</controlfield>
        <controlfield tag="005">20210902121803.0</controlfield>
        <datafield tag="024" ind1="7" ind2=" ">
            <subfield code="2">doi</subfield>
            <subfield code="a">10.1016/j.jorganchem.2020.121334</subfield>
        </datafield>
        <datafield tag="024" ind1="8" ind2=" ">
            <subfield code="2">sideral</subfield>
            <subfield code="a">118129</subfield>
        </datafield>
        <datafield tag="037" ind1=" " ind2=" ">
            <subfield code="a">ART-2020-118129</subfield>
        </datafield>
        <datafield tag="041" ind1=" " ind2=" ">
            <subfield code="a">eng</subfield>
        </datafield>
        <datafield tag="100" ind1=" " ind2=" ">
            <subfield code="0">(orcid)0000-0001-6675-7450</subfield>
            <subfield code="a">Sánchez-Page, B.</subfield>
        </datafield>
        <datafield tag="245" ind1=" " ind2=" ">
            <subfield code="a">Influence of graphene sheet properties as supports of iridium-based N-heterocyclic carbene hybrid materials for water oxidation electrocatalysis</subfield>
        </datafield>
        <datafield tag="260" ind1=" " ind2=" ">
            <subfield code="c">2020</subfield>
        </datafield>
        <datafield tag="506" ind1="0" ind2=" ">
            <subfield code="a">Access copy available to the general public</subfield>
            <subfield code="f">Unrestricted</subfield>
        </datafield>
        <datafield tag="520" ind1="3" ind2=" ">
            <subfield code="a">The effect of the structural properties of graphene materials on the local structure of –OH anchored Ir(I)–NHC complexes is herein investigated. For that, two partially reduced graphene oxides exhibiting different sheet properties due to an adequate selection of the crystalline characteristics of their parent graphite were used. The main differences among them were the size of Csp2 domains within their graphenic layers and the distribution of functional groups at the basal planes and edges. Anchoring of N-methylimidazolium moieties through the graphene –OH functional groups and subsequent formation of the Ir(I)–NHC complexes resulted in graphene-based hybrid materials. The structural differences of the support have an influence in the interaction of the supported iridium compounds with the graphene sheet. The oxygenated functional groups in the material with a smaller graphene sheet are closer leaving larger Csp2 domains in the graphene layer, favoring their interaction with the supported iridium atoms therefore displacing the chlorido ligand from the first coordination shell. In contrast, the hybrid material in which the distribution of the oxygenated functional groups within the basal planes of the graphenic layer is more homogeneous shows partial chlorido displacement. This fact has an influence on the electrocatalytic performance of the iridium-based hybrid materials as water oxidation catalysts (WOCs), exhibiting improved catalytic activity the catalyst having coordinated chlorido ligands.</subfield>
        </datafield>
        <datafield tag="536" ind1=" " ind2=" ">
            <subfield code="9">info:eu-repo/grantAgreement/ES/DGA-FEDER/Construyendo Europa desde Aragón</subfield>
            <subfield code="9">info:eu-repo/grantAgreement/ES/DGA-FSE/E12-20R</subfield>
            <subfield code="9">info:eu-repo/grantAgreement/ES/DGA-FSE/E42-17R</subfield>
            <subfield code="9">info:eu-repo/grantAgreement/ES/MICINN-FEDER/CTQ2016-75884-P</subfield>
            <subfield code="9">info:eu-repo/grantAgreement/ES/MICINN-FEDER/RTI2018-098537-C22</subfield>
        </datafield>
        <datafield tag="540" ind1=" " ind2=" ">
            <subfield code="9">info:eu-repo/semantics/openAccess</subfield>
            <subfield code="a">All rights reserved</subfield>
            <subfield code="u">http://www.europeana.eu/rights/rr-f/</subfield>
        </datafield>
        <datafield tag="590" ind1=" " ind2=" ">
            <subfield code="a">2.369</subfield>
            <subfield code="b">2020</subfield>
        </datafield>
        <datafield tag="591" ind1=" " ind2=" ">
            <subfield code="a">CHEMISTRY, INORGANIC &amp; NUCLEAR</subfield>
            <subfield code="b">22 / 45 = 0.489</subfield>
            <subfield code="c">2020</subfield>
            <subfield code="d">Q2</subfield>
            <subfield code="e">T2</subfield>
        </datafield>
        <datafield tag="591" ind1=" " ind2=" ">
            <subfield code="a">CHEMISTRY, ORGANIC</subfield>
            <subfield code="b">32 / 57 = 0.561</subfield>
            <subfield code="c">2020</subfield>
            <subfield code="d">Q3</subfield>
            <subfield code="e">T2</subfield>
        </datafield>
        <datafield tag="592" ind1=" " ind2=" ">
            <subfield code="a">0.483</subfield>
            <subfield code="b">2020</subfield>
        </datafield>
        <datafield tag="593" ind1=" " ind2=" ">
            <subfield code="a">Biochemistry</subfield>
            <subfield code="c">2020</subfield>
            <subfield code="d">Q2</subfield>
        </datafield>
        <datafield tag="593" ind1=" " ind2=" ">
            <subfield code="a">Inorganic Chemistry</subfield>
            <subfield code="c">2020</subfield>
            <subfield code="d">Q2</subfield>
        </datafield>
        <datafield tag="593" ind1=" " ind2=" ">
            <subfield code="a">Physical and Theoretical Chemistry</subfield>
            <subfield code="c">2020</subfield>
            <subfield code="d">Q2</subfield>
        </datafield>
        <datafield tag="593" ind1=" " ind2=" ">
            <subfield code="a">Organic Chemistry</subfield>
            <subfield code="c">2020</subfield>
            <subfield code="d">Q2</subfield>
        </datafield>
        <datafield tag="593" ind1=" " ind2=" ">
            <subfield code="a">Materials Chemistry</subfield>
            <subfield code="c">2020</subfield>
            <subfield code="d">Q2</subfield>
        </datafield>
        <datafield tag="655" ind1=" " ind2="4">
            <subfield code="a">info:eu-repo/semantics/article</subfield>
            <subfield code="v">info:eu-repo/semantics/acceptedVersion</subfield>
        </datafield>
        <datafield tag="700" ind1=" " ind2=" ">
            <subfield code="a">Pérez-Mas, A.M.</subfield>
        </datafield>
        <datafield tag="700" ind1=" " ind2=" ">
            <subfield code="a">González-Ingelmo, M.</subfield>
        </datafield>
        <datafield tag="700" ind1=" " ind2=" ">
            <subfield code="a">Fernández, L.</subfield>
        </datafield>
        <datafield tag="700" ind1=" " ind2=" ">
            <subfield code="a">González, Z.</subfield>
        </datafield>
        <datafield tag="700" ind1=" " ind2=" ">
            <subfield code="0">(orcid)0000-0002-0545-9107</subfield>
            <subfield code="a">Jiménez, M.V.</subfield>
            <subfield code="u">Universidad de Zaragoza</subfield>
        </datafield>
        <datafield tag="700" ind1=" " ind2=" ">
            <subfield code="0">(orcid)0000-0002-3327-0918</subfield>
            <subfield code="a">Pérez-Torrente, J.J.</subfield>
            <subfield code="u">Universidad de Zaragoza</subfield>
        </datafield>
        <datafield tag="700" ind1=" " ind2=" ">
            <subfield code="0">(orcid)0000-0002-9706-3272</subfield>
            <subfield code="a">Blasco, J.</subfield>
            <subfield code="u">Universidad de Zaragoza</subfield>
        </datafield>
        <datafield tag="700" ind1=" " ind2=" ">
            <subfield code="0">(orcid)0000-0002-9029-1977</subfield>
            <subfield code="a">Subías, G.</subfield>
            <subfield code="u">Universidad de Zaragoza</subfield>
        </datafield>
        <datafield tag="700" ind1=" " ind2=" ">
            <subfield code="a">Álvarez, P.</subfield>
        </datafield>
        <datafield tag="700" ind1=" " ind2=" ">
            <subfield code="a">Granda, M.</subfield>
        </datafield>
        <datafield tag="700" ind1=" " ind2=" ">
            <subfield code="a">Menéndez, R.</subfield>
        </datafield>
        <datafield tag="710" ind1="2" ind2=" ">
            <subfield code="1">2010</subfield>
            <subfield code="2">760</subfield>
            <subfield code="a">Universidad de Zaragoza</subfield>
            <subfield code="b">Dpto. Química Inorgánica</subfield>
            <subfield code="c">Área Química Inorgánica</subfield>
        </datafield>
        <datafield tag="710" ind1="2" ind2=" ">
            <subfield code="1">2003</subfield>
            <subfield code="2">395</subfield>
            <subfield code="a">Universidad de Zaragoza</subfield>
            <subfield code="b">Dpto. Física Materia Condensa.</subfield>
            <subfield code="c">Área Física Materia Condensada</subfield>
        </datafield>
        <datafield tag="773" ind1=" " ind2=" ">
            <subfield code="g">919 (2020), 332884 [8 pp]</subfield>
            <subfield code="p">J. organomet. chem.</subfield>
            <subfield code="t">Journal of Organometallic Chemistry</subfield>
            <subfield code="x">0022-328X</subfield>
        </datafield>
        <datafield tag="856" ind1="4" ind2=" ">
            <subfield code="s">516931</subfield>
            <subfield code="u">http://zaguan.unizar.es/record/101607/files/texto_completo.pdf</subfield>
            <subfield code="y">Postprint</subfield>
        </datafield>
        <datafield tag="856" ind1="4" ind2=" ">
            <subfield code="s">1234505</subfield>
            <subfield code="u">http://zaguan.unizar.es/record/101607/files/texto_completo.jpg?subformat=icon</subfield>
            <subfield code="x">icon</subfield>
            <subfield code="y">Postprint</subfield>
        </datafield>
        <datafield tag="909" ind1="C" ind2="O">
            <subfield code="o">oai:zaguan.unizar.es:101607</subfield>
            <subfield code="p">articulos</subfield>
            <subfield code="p">driver</subfield>
        </datafield>
        <datafield tag="951" ind1=" " ind2=" ">
            <subfield code="a">2021-09-02-09:56:39</subfield>
        </datafield>
        <datafield tag="980" ind1=" " ind2=" ">
            <subfield code="a">ARTICLE</subfield>
        </datafield>
    </record>

    
</collection>